Eurozóna a svetové hospodárstvo

Pokračovanie z č. 1/2002. Hlavné ukazovatele reálnej ekonomiky eurozóny, USA a Japonska. Hlavné črty finančnej štruktúry eurozóny. Eurozóna ako optimálna menová oblasť.

Uložené v:
Podrobná bibliografia
Hlavný autor: Iša, Ján
Médium: Kapitola
Jazyk:Slovak
Predmet:
Tagy: Pridať tag
Žiadne tagy, Buďte prvý, kto otaguje tento záznam!

MARC

LEADER 00000naa a2200000 4500
001 r044205
005 20221128120719.6
041 0 |a slo 
044 |a SK 
245 1 0 |a Eurozóna a svetové hospodárstvo  |c Jan Iša 
520 |a Pokračovanie z č. 1/2002. Hlavné ukazovatele reálnej ekonomiky eurozóny, USA a Japonska. Hlavné črty finančnej štruktúry eurozóny. Eurozóna ako optimálna menová oblasť. 
610 2 0 |a Európska menová únia 
610 2 0 |a euro 
610 2 0 |a eurozóna 
610 2 0 |a hospodárstvo svetové 
610 2 0 |a únie menové 
610 2 0 |a Európska únia 
610 2 0 |a USA 
610 2 0 |a Japonsko 
610 2 0 |a ukazovatele makroekonomické 
610 2 0 |a financie medzinárodné 
610 2 0 |a teória zón menových optimálnych 
610 2 0 |a oblasti menové 
100 1 |a Iša, Ján